Normal view
MARC view
- Nursing - study and education
Entry Topical Term
001 - CONTROL NUMBER
- control field: 5671
003 - CONTROL NUMBER IDENTIFIER
- control field: JO-AjAnu
005 - DATE AND TIME OF LATEST TRANSACTION
- control field: 20230606071224.0
008 - FIXED-LENGTH DATA ELEMENTS
- fixed length control field: 230606|| aca||aabn | a|a d
040 ## - CATALOGING SOURCE
- Original cataloging agency: JO-AjAnu
- Transcribing agency: JO-AjAnu
150 ## - HEADING--TOPICAL TERM
- Topical term or geographic name entry element: Nursing - study and education
670 ## - SOURCE DATA FOUND
- Source citation: Work cat.: (JO-AjAnu)2931: Eswi, Abeer Saad , Boubaker Zarrad, author 5670, Tuning Moyen-Orient et Afrique du Nord: Les Points de Reference Pour la Conception et la Prestation de Programmes d'Etudes Universitaires en Sciences Infirmieres